LEADER 00960nam0-2200337---450- 001 990010081010403321 005 20160616151546.0 010 $a978-88-430-7689-5 035 $a001008101 035 $aFED01001008101 035 $a(Aleph)001008101FED01 035 $a001008101 100 $a20160616d2016----km-y0itay50------ba 101 1 $aita$ceng 102 $aIT 105 $a--------001yy 200 1 $a<>specie imprevedibile$eche cosa rende unici gli esseri umani$fPhilip Lieberman 210 $aRoma$cCarocci$d2016 215 $a286 p.$d22 cm 225 1 $aFrecce$v216 454 0$12001$a<>unpredictable species 610 0 $aUomo$aCervello$aEvoluzione$aAspetti socioantropologici 676 $a304.5$v22$zita 676 $a612.82$v22$zita 700 1$aLieberman,$bPhilip 801 0$aIT$bUNINA$gRICA$2UNIMARC 901 $aBK 912 $a990010081010403321 952 $a304.5 LIE 1$b2737$fBFS 959 $aBFS 997 $aUNINA LEADER 01699nam 2200409 450 001 000008731 005 20050718115300.0 010 $a0-226-91038-5$b(vol. 1) 010 $a0-226-91039-3$b(vol. 2) 100 $a20010911d1969----km-y0itay0103----ba 101 0 $aeng 102 $aUS 200 1 $aEvolution and the genetics of populations$fSewall Wright 210 $aChicago [etc]$cUniversity of Chicago Press$dc1969- 215 $a3 v.$cill.$d23 cm. 327 $a<> Genetic and biometric foundations. - 469 p.$a<> The theory of gene frequencies. -VII, 511 p. 606 $aGenetica di popolazioni 606 $aEvoluzione 676 $a575.15$v(20. ed.)$9Genetica di popolazioni 700 1$aWright,$bSewall$065139 801 0$aIT$bUniversità della Basilicata - B.I.A.$gRICA$2unimarc 912 $a000008731 996 $aEvolution and the genetics of populations$977550 997 $aUNIBAS BAS $aMONAGR BAS $aMONOGR BAS $aAGRARIA CAT $aTORRE$b20$c20010911$lBAS01$h1220 CAT $aTROMBONE$b01$c20020121$lBAS01$h1112 CAT $c20050601$lBAS01$h1754 CAT $abatch$b01$c20050718$lBAS01$h1050 CAT $c20050718$lBAS01$h1109 CAT $c20050718$lBAS01$h1139 CAT $c20050718$lBAS01$h1153 FMT Z30 -1$lBAS01$LBAS01$mBOOK$1BASA2$APolo Tecnico-Scientifico$2DID$BDidattica$3PTS.s2.p52.5$671685$5A71685$820010911$b1$e469$f04$FPrestabile Didattica$hVol. 1 : Genetic and biometric foundations Z30 -1$lBAS01$LBAS01$mBOOK$1BASA2$APolo Tecnico-Scientifico$2DID$BDidattica$3PTS.s2.p52.6$671686$5A71686$820010911$b1$eVII, 511$f04$FPrestabile Didattica$hVol. 2 : The theory of gene frequencies